| 000 | 00463nam a2200169 a 4500 | ||
|---|---|---|---|
| 005 | 20140310183512.0 | ||
| 008 | 030421s19uu xx 00 eng d | ||
| 050 |
_aRM 300 _b.C579 2010 |
||
| 100 | _aClayton, Bruce D. | ||
| 245 |
_aBasic pharmacology for nurses / _cBruce D. Clayton. |
||
| 260 |
_aSingapore : _bElsevier Pte Ltd., _c2010. |
||
| 300 |
_a870 p. : _c26 cm. |
||
| 521 | _aNUR | ||
| 650 | _aPharmacology | ||
| 942 |
_cBK _2lcc _kFOR |
||
| 999 |
_c24215 _d24215 |
||